Hardest Boulder Problems in the World - Statistics

General Stats
  • This quiz has been taken 29 times
    26 since last reset
  • The average score is 6 of 18
Answer Stats
V17 Ascent(s) Climbers % Correct
Soudain Seul Adam Ondra
81%
Alphane, Arrival of the Birds, Burden of Dreams, Return of the Sleepwalker, Will Bosi
71%
Arrival of the Birds (FA), Spots of Time (FA) Aidan Roberts
52%
Megatron Hamish McArthur
43%
Alphane Jakob Schubert
43%
Alphane (FA), Megatron (FA) Shawn Raboutou
43%
Return of the Sleepwalker (FA) Daniel Woods
38%
Burden of Dreams (FA) Nalle Hukkataival
38%
L'ombre du Voyageur (FA) Charles Albert
33%
No Mourns the Wicked (FA) Nathaniel Coleman
33%
Shaolin (FA) Sean Bailey
29%
Alphane, Return of the Sleepwalker, Soudain Seul (FA) Simon Lorenzi
29%
Mount Doom (FA) Nicolai Užnik
24%
Return of the Sleepwalker, Shaolin Noah Wheeler
24%
Burden of Dreams, The Big Slamm (FA) Elias Iagnemma
19%
Soudain Seul Nico Pelorson
14%
Blackflip SDS (FA) Vadim Timonov
10%
Soudain Seul Camille Coudert
5%
No matching quizzes found
Score Distribution
Percent of People with Each Score
Percentile by Number Answered
Your Score History
You have not taken this quiz since the last reset